000 01693cam a22003255i 4500
999 _c7774
_d7774
003 OSt
005 20200521104631.0
008 200521b ||||| |||| 00| 0 eng d
020 _a9783955533168
_q(hardcover)
042 _alccopycat
043 _aa-ja---
082 0 4 _a724.6SCH
245 0 0 _aWohnkonzepte in Japan :
_bTypologien für den kleinen Raum = Housing in Japan : typologies for small spaces /
_cHerausgeber, Christian Schittich ; Autoren, Christian Schittich, Hannes Rössler, Tao Baerlocher ; Übersetzung, Antoinette Aichele-Platen, Yasmin Gründing.
246 3 1 _aHousing in Japan :
_btypologies for small spaces
250 _aErste Auflage.
300 _a144 pages :
_billustrations (chiefly color), plans ;
_c24 cm
520 8 _aOptimising the use of space: inspiring living concepts and layout solutions In the densely populated urban areas of Japan, small houses with unusual spatial concepts and surprising layout solutions are emerging on narrow strips of land that would normally be considered unsuitable for home construction. Yet it's not only this sense of space, but also the sensory use of materials and a feel for aesthetics skillfully combined with traditional elements that have fascinated architects outside of Japan.
546 _aText in German and English.
650 0 _aHousing
_zJapan.
650 0 _aSmall houses.
650 7 _aHousing.
_2fast
650 7 _aSmall houses.
_2fast
651 7 _aJapan.
_2fast
700 1 _aSchittich, Christian,
_eeditor,
_eauthor.
700 1 _aRössler, Hannes,
_eauthor.
700 1 _aBaerlocher, Tao,
_eauthor.
730 0 2 _aWohnkonzepte in Japan.
730 0 2 _aWohnkonzepte in Japan.
_lEnglish.
942 _2ddc